000 00636nam a22002297a 4500
003 UA-OsUOA
001 92559
007 ta
008 20121219b un ||||| |||| 00| 0 ukr d
100 _aАнгдерсен-Нексе М.
090 _a821.161.2
_bА64
942 _cBK
040 _aUA-OsUOA
_bukr
_cUA-OsUOA
_dUA-OsUOA
245 _aПасажири вільних місць
_bта інші новели
300 _a285 с.
955 _a3
041 _aukr
080 _a821.161.2
260 _aК.
_bДніпро
_c1969
650 7 _a82 Література. Літературознавство
_2UDC
999 _c378796
_d378796